The time effective manager

Bibliographic Details
Main Author: Bird, Michael
Format: Book
Published: London : Ebury Press , 1986
Subjects:

MARC

LEADER 00000cam a2200000 7i4500
001 0000000554
002 000000641
005 20000330.0
020 |a T000000139 
090 0 0 |a 658   |b BIR 
100 0 |a Bird, Michael 
245 1 4 |a The time effective manager   |c Michael Bird 
260 |a London :   |b Ebury Press ,   |c 1986 
300 |a 96p 
650 0 0 |a Time management 
999 |a 3805   |b BUKU   |c PINJAMAN   |e PERPUSTAKAAN KOMUNITI PETALING JAYA